000 00297nam a22001217a 4500
003 OSt
005 20241024022606.0
008 241024b |||||||| |||| 00| 0 eng d
040 _aChap
245 _aCEPAL- Comisión Económica para América Latina y el Caribe
260 _b UNESCO
942 _2ddc
999 _c220235
_d220235